| 000 | 01190nam a22003497a 4500 | ||
|---|---|---|---|
| 003 | CHAP | ||
| 005 | 20220817042256.0 | ||
| 008 | 971013s1972 r 00010 d | ||
| 010 | _a39333 | ||
| 011 | _a40305 | ||
| 035 | _a44430 | ||
| 040 | _cCHAP | ||
| 090 | _aFolleto 4572 | ||
| 100 | 0 | 0 |
_aEstrada, Luis. _938457 |
| 245 | _aOndas y oscilaciones | ||
| 260 |
_aMéxico, D. F. : _bAsociación Nacional de Universidades e Institutos de Enseñanza Superior, _c1972 |
||
| 300 |
_a65 p. _b: ilus. |
||
| 490 | _aTemas básicos ciencias naturales | ||
| 590 |
_aBATCH-UPD _b10 _c20130110 _lUCH01 _h1154 |
||
| 590 |
_aBATCH-UPD _b10 _c20130410 _lUCH01 _h0737 |
||
| 590 |
_aBATCH-UPD _b10 _c20130914 _lUCH01 _h1557 |
||
| 590 |
_aCONVERSION _b10 _c20130109 _lUCH01 _h1322 |
||
| 650 | 1 | 4 |
_aOndas. _983303 |
| 650 | 1 | 4 |
_aOscilaciones eléctricas. _984176 |
| 830 | 0 | _aTemas básicos ciencias naturales | |
| 901 | _aBK | ||
| 942 | _cFOLL | ||
| 949 |
_aFolleto 4572 _bBC _cFOLL _d-101769 _eTS1 _i44430 _si |
||
| 949 |
_aFolleto 4572 _bBC _cFOLL _d-101770 _eTS2 _fc.2 _i44430 _si |
||
| 949 |
_aFolleto 4572 _bBC _cFOLL _d-101772 _eTS2 _fc.3 _i44430 _si |
||
| 949 |
_aFolleto 4572 _bBC _cFOLL _d-101773 _eTS2 _fc.4 _i44430 _si |
||
| 999 |
_c39333 _d39333 |
||